BlackBoxWarrior - OKULTRA - Will Wood Lyrics - Statistics

General Stats
  • This quiz has been taken 19 times
    16 since last reset
  • The average score is 507 of 742
Answer Stats
Lyrics % Correct
he
100%
He
100%
we
100%
with
100%
a
89%
A
89%
an
89%
and
89%
And
89%
B,
89%
back,
89%
back?
89%
back
89%
boy,
89%
by
89%
collapsed
89%
conscious
89%
do!
89%
do,
89%
down
89%
down!
89%
existence?
89%
for
89%
For
89%
"For
89%
fundamentals
89%
Get
89%
get
89%
gonna
89%
good
89%
good?!
89%
have
89%
how
89%
I
89%
If
89%
if
89%
it
89%
it's
89%
It's
89%
Johnson
89%
look
89%
looking
89%
no
89%
No,
89%
now
89%
Now,
89%
of
89%
the
89%
they
89%
up
89%
up,
89%
was
89%
Well,
89%
well
89%
what?
89%
what
89%
What,
89%
when
89%
Why
89%
why
89%
worth,
89%
would
89%
you,
89%
you
89%
you?
89%
your
89%
Your
89%
anaphylactic,
78%
as
78%
at
78%
ataxic
78%
be
78%
blood-
78%
blue
78%
But
78%
But,
78%
but
78%
came
78%
comfortable,
78%
don't
78%
E.R.
78%
every
78%
face
78%
floor
78%
found
78%
harmonic
78%
Hello,
78%
him
78%
his
78%
His
78%
Hungarian
78%
in
78%
ivy
78%
jay
78%
kill
78%
lie
78%
love
78%
map
78%
me
78%
more
78%
noose
78%
on
78%
or-
78%
or
78%
poison
78%
relationship
78%
rubber
78%
seat?
78%
shoes
78%
So
78%
so
78%
Stevens-
78%
stolen
78%
Syndrome
78%
take
78%
tattoo
78%
There's
78%
to
78%
victim
78%
vital
78%
wearing
78%
welcome.
78%
wrapped
78%
accept
67%
Around
67%
attacked,
67%
barrier,
67%
beat
67%
Cluster
67%
cry
67%
die
67%
flatline
67%
from
67%
horse'd
67%
hymn
67%
is
67%
LD-50,
67%
let
67%
need
67%
out
67%
Panic
67%
raised
67%
second
67%
signs
67%
start
67%
their
67%
Trojan
67%
waited
67%
were,
67%
were
67%
what's
67%
who
67%
yes,
67%
yes
67%
about
56%
again
56%
all
56%
are
56%
au
56%
Auf
56%
baby
56%
because
56%
before
56%
before,
56%
beginning?
56%
birthday
56%
Black
56%
"Bless
56%
both
56%
bothering
56%
Box
56%
brain
56%
butterfly
56%
cage
56%
cancellation
56%
charge
56%
Christ
56%
cocked
56%
Consciousness
56%
defective
56%
dialectics,
56%
Did
56%
did
56%
effective
56%
effects
56%
Ego
56%
ends
56%
ends!
56%
evil
56%
fee
56%
fight
56%
fine
56%
flight-
56%
flowers
56%
guess
56%
Happy
56%
head
56%
head?
56%
headed
56%
here
56%
hornet's
56%
idea?!
56%
ignore
56%
incognito
56%
innocence,
56%
inside
56%
jugular
56%
just
56%
like
56%
Lotus
56%
mirror
56%
nest,
56%
Offer
56%
once
56%
palpitations
56%
people
56%
placebos
56%
please
56%
Pops
56%
problem
56%
really
56%
relax,
56%
rev
56%
revelation,
56%
revoir,
56%
rib
56%
right
56%
screaming,
56%
seem
56%
set
56%
shame,
56%
side
56%
skipped
56%
something
56%
spread
56%
straight
56%
succulents,
56%
Syne,
56%
them!
56%
they're
56%
this
56%
this,
56%
through
56%
torpedoes!"
56%
town
56%
Warrior
56%
wondered
56%
along
44%
bloody
44%
candles
44%
center
44%
come
44%
fiberglass,
44%
fibers,
44%
finest
44%
got
44%
Growing
44%
himself
44%
history
44%
Holding,
44%
hydroponics."
44%
ideas
44%
I'll
44%
incarnate,
44%
Kevlar
44%
libido,
44%
life
44%
lost
44%
method
44%
mind,
44%
mosquito,
44%
Nazi
44%
nerve
44%
nerves
44%
noggin,
44%
orchid
44%
phalanges
44%
Phineas
44%
Quilted
44%
recycled
44%
risked
44%
Roman
44%
sang,
44%
sick
44%
sinews
44%
six
44%
spilling
44%
spun
44%
steal
44%
steel
44%
strands
44%
suicide
44%
synapses
44%
Tell
44%
that
44%
tuxedo
44%
way
44%
which
44%
wits
44%
abacus
33%
almost
33%
animal
33%
animus,
33%
assess
33%
best
33%
better
33%
blooming
33%
Carrick
33%
chop
33%
clapping
33%
could
33%
day?
33%
dead
33%
eyes
33%
flesh,
33%
forward
33%
function
33%
Gideon
33%
gripped
33%
hope
33%
instead
33%
karate
33%
learn
33%
mean,
33%
motor
33%
never
33%
nose
33%
Not
33%
pick
33%
reason
33%
sci-fi's
33%
self
33%
seven
33%
Shields
33%
tendrils
33%
than
33%
things
33%
think
33%
Thursday
33%
tie-
33%
traction,
33%
try
33%
Tuesday
33%
under
33%
wiedersehn,
33%
xenon
33%
you'll
33%
Auld
22%
axel
22%
ballistics,
22%
bend
22%
Bugler
22%
caskets
22%
casting
22%
Causes
22%
CBT
22%
claustrophilic
22%
closed
22%
Coital
22%
conjecture
22%
dye
22%
ears
22%
Escher
22%
Gage
22%
glands?
22%
Himbas
22%
hitch,
22%
humors
22%
ice
22%
infrastructure,
22%
knife
22%
knot,
22%
knuckled
22%
Lang
22%
mainline
22%
My
22%
my
22%
Namibian
22%
objective
22%
operandi
22%
outer
22%
pierced
22%
report
22%
split
22%
stoma
22%
subjective
22%
thumbs?
22%
titration
22%
true
22%
Turk's
22%
want
22%
Whether
22%
wine
22%
You've
22%
Bacchus'
11%
blend
11%
expertise
11%
flagpole
11%
Holistic
11%
Lithium
11%
machinations
11%
Mandelbrot
11%
modus
11%
own
11%
pineal
11%
projector
11%
proprietary
11%
seasoning
11%
Skoptzyism
11%
STR'd
11%
thine
11%
transorbital
11%
vagus
11%
works
11%
No matching quizzes found
Score Distribution
Percent of People with Each Score
Percentile by Number Answered
Your Score History
You have not taken this quiz since the last reset